| 000 | 00999nmc a2200397 a 4500 | ||
|---|---|---|---|
| 003 | AR-BaBNM | ||
| 005 | 20251128205704.0 | ||
| 008 | 248019s1991 ||||||||||||||000 | spa|| | ||
| 020 | _a950-40-0060-6 | ||
| 040 | _cAR-BaBNM | ||
| 100 | 1 | _aLinz, Juan J. | |
| 245 | 1 | 0 | _aLa quiebra de las democracias |
| 260 |
_aBuenos Aires _bAlianza Editorial _c1991 |
||
| 300 | 0 |
_a169 p. _btablas |
|
| 490 | 0 | _aCiencias sociales | |
| 500 | 0 | _aApéndice p. 168-169 | |
| 650 | 4 | _aPOLITICA | |
| 650 | 4 | _aDEMOCRACIA | |
| 650 | 4 | _aPARLAMENTO | |
| 650 | 4 | _aECONOMIA | |
| 650 | 4 | _aPARTIDOS POLITICOS | |
| 650 | 4 | _aINTEGRACION POLITICA | |
| 650 | 4 | _aPOLITICOS | |
| 650 | 4 | _aESTADO | |
| 650 | 4 | _aGOBIERNO | |
| 650 | 4 | _aCONSTITUCIONES | |
| 650 | 4 | _aSISTEMAS POLITICOS | |
| 650 | 4 | _aSOBERANIA | |
| 650 | 4 | _aDERECHOS DE LOS ESTADOS | |
| 650 | 4 | _aPODER EJECUTIVO | |
| 650 | 4 | _aPODER LEGISLATIVO | |
| 650 | 4 | _aPODER JUDICIAL | |
| 651 | 4 | _aAmérica Latina | |
| 942 | _cBK | ||
| 998 | _cMariana | ||
| 999 |
_c12410 _d12410 |
||